| 000 | 00624nam a2200229 a 4500 | ||
|---|---|---|---|
| 008 | |||
| 020 | _a0132582457 (pbk.) | ||
| 049 | _aMAIN | ||
| 090 |
_aQA184 _bEDW |
||
| 100 | 1 | _aEdwards, C.H. | |
| 245 | 1 | 0 |
_aElementary linear algebra / _cC.H. Edwards, David E. Penney. |
| 260 |
_bPrentice Hall International, _cc1988. |
||
| 300 | _axii, 442 p. | ||
| 650 | 0 | _aAlgebras, Linear. | |
| 653 | _aLinear algebra | ||
| 700 | 1 | _aPenney, David E. | |
| 907 |
_a.b10045387 _b18-09-12 _c17-04-03 |
||
| 003 | |||
| 005 | 20230123133519.0 | ||
| 040 | _cNUST | ||
| 942 |
_cBOOKS _kQA184 _mEDW |
||
| 999 |
_c149903 _d149903 |
||